[Event "DEM U8 2025"]
[Site "Willingen GER"]
[Date "2025.06.11"]
[Round "1"]
[White "Bektas, Luey"]
[Black "Obermeier, Vitus"]
[Result "0-1"]
[Termination "normal"]
[Board "9"]
[WhiteElo "1053"]
[BlackElo "1313"]
[WhiteClock "00:26:46"]
[BlackClock "00:57:03"]
[PlyCount "98"]
[WhiteFideId "533024642"]
[EventCountry "GER"]
[EventRounds "7"]
[EventType "swiss"]
[EventDate "2025.06.10"]

1. e4 {[%clk 01:00:26]} {[%emt 00:00:04]} e5 {[%clk 01:00:25]} {[%emt
00:00:05]} 2. Nf3 {[%clk 01:00:34]} {[%emt 00:00:07]} Nc6 {[%clk 01:00:34]}
{[%emt 00:00:06]} 3. Bc4 {[%clk 01:00:44]} {[%emt 00:00:04]} Bc5 {[%clk
01:00:40]} {[%emt 00:00:09]} 4. c3 {[%clk 01:00:36]} {[%emt 00:00:23]} d6
{[%clk 01:00:42]} {[%emt 00:00:13]} 5. d3 {[%clk 01:00:31]} {[%emt 00:00:20]}
Nf6 {[%clk 01:00:48]} {[%emt 00:00:09]} 6. a3 {[%clk 01:00:13]} {[%emt
00:00:33]} a5 {[%clk 01:00:53]} {[%emt 00:00:10]} 7. O-O {[%clk 01:00:12]}
{[%emt 00:00:16]} O-O {[%clk 01:00:57]} {[%emt 00:00:12]} 8. d4 {[%clk
01:00:05]} {[%emt 00:00:22]} Bb6 {[%clk 01:00:58]} {[%emt 00:00:13]} 9. d5
{[%emt 00:00:19]} Ne7 {[%emt 00:00:06]} 10. Nbd2 {[%clk 00:59:35]} {[%emt
00:00:20]} c6 {[%clk 01:01:07]} {[%emt 00:00:05]} 11. Re1 {[%clk 00:58:49]}
{[%emt 00:01:01]} Ng4 {[%clk 01:01:10]} {[%emt 00:00:12]} 12. Rf1 {[%clk
00:58:36]} {[%emt 00:00:28]} Nf6 {[%clk 01:01:19]} {[%emt 00:00:06]} 13. a4
{[%clk 00:58:06]} {[%emt 00:00:46]} cxd5 {[%clk 01:01:27]} {[%emt 00:00:05]}
14. exd5 Nexd5 15. Qb3 {[%clk 00:56:00]} {[%emt 00:02:02]} Ne7 {[%clk
01:00:57]} {[%emt 00:00:45]} 16. h3 {[%clk 00:55:13]} {[%emt 00:01:02]} d5
{[%clk 01:01:02]} {[%emt 00:00:10]} 17. Be2 {[%clk 00:54:57]} {[%emt 00:00:30]}
Be6 {[%clk 01:01:09]} {[%emt 00:00:09]} 18. Nxe5 {[%clk 00:54:39]} {[%emt
00:00:32]} Qd6 {[%clk 01:01:06]} {[%emt 00:00:18]} 19. Nef3 {[%clk 00:53:07]}
{[%emt 00:01:49]} d4 {[%clk 01:01:06]} {[%emt 00:00:14]} 20. Qc2 {[%clk
00:53:10]} {[%emt 00:00:12]} Bf5 {[%clk 01:00:58]} {[%emt 00:00:23]} 21. Qb3
{[%clk 00:49:32]} {[%emt 00:03:53]} d3 {[%clk 01:00:40]} {[%emt 00:00:33]} 22.
Bd1 {[%clk 00:48:58]} {[%emt 00:00:48]} Be6 {[%clk 01:00:47]} {[%emt 00:00:06]}
23. Qa3 {[%clk 00:48:48]} {[%emt 00:00:28]} Bc5 {[%clk 01:00:50]} {[%emt
00:00:12]} 24. b4 {[%clk 00:48:14]} {[%emt 00:00:48]} axb4 {[%clk 01:00:59]}
{[%emt 00:00:07]} 25. cxb4 {[%clk 00:47:29]} {[%emt 00:00:58]} Bxb4 {[%clk
01:01:08]} {[%emt 00:00:08]} 26. Qb2 {[%clk 00:47:21]} {[%emt 00:00:23]} Ned5
{[%clk 01:00:15]} {[%emt 00:01:09]} 27. Nc4 {[%clk 00:46:25]} {[%emt 00:01:10]}
Qc7 {[%clk 00:59:51]} {[%emt 00:00:32]} 28. Nfe5 {[%clk 00:45:58]} {[%emt
00:00:49]} Bc3 {[%clk 00:59:54]} {[%emt 00:00:12]} 29. Qa2 {[%clk 00:44:34]}
{[%emt 00:01:39]} Bxa1 {[%emt 00:00:37]} 30. Qxa1 {[%clk 00:44:37]} {[%emt
00:00:08]} b5 {[%clk 00:58:30]} {[%emt 00:01:20]} 31. Ba3 {[%clk 00:42:47]}
{[%emt 00:02:05]} Rxa4 {[%clk 00:58:08]} {[%emt 00:00:36]} 32. Bxa4 {[%clk
00:42:45]} {[%emt 00:00:17]} bxc4 {[%clk 00:57:58]} {[%emt 00:00:26]} 33. Bxf8
{[%emt 00:00:20]} Kxf8 {[%clk 00:58:03]} {[%emt 00:00:08]} 34. Kh1 {[%clk
00:40:40]} {[%emt 00:02:16]} d2 {[%clk 00:58:02]} {[%emt 00:00:17]} 35. Qa3+
{[%emt 00:01:08]} Kg8 {[%clk 00:58:01]} {[%emt 00:00:14]} 36. Bb5 {[%clk
00:38:13]} {[%emt 00:01:52]} h6 {[%clk 00:57:52]} {[%emt 00:00:23]} 37. Bxc4
{[%clk 00:37:35]} {[%emt 00:01:07]} Qxe5 {[%clk 00:58:09]} {[%emt 00:00:14]}
38. Bd3 {[%clk 00:36:14]} {[%emt 00:01:32]} g6 {[%clk 00:57:55]} {[%emt
00:00:32]} 39. Qa5 {[%clk 00:33:42]} {[%emt 00:02:47]} Qc3 {[%clk 00:57:12]}
{[%emt 00:01:25]} 40. Qa8+ {[%clk 00:29:25]} {[%emt 00:04:36]} Kg7 {[%emt
00:01:37]} 41. Qa6 {[%clk 00:27:21]} {[%emt 00:00:53]} Qc1 {[%clk 00:56:58]}
{[%emt 00:00:33]} 42. Qa1 {[%emt 00:00:19]} Qxa1 {[%clk 00:56:59]} {[%emt
00:00:12]} 43. Rxa1 {[%clk 00:27:15]} {[%emt 00:00:10]} Nc3 {[%clk 00:57:14]}
44. Bc2 {[%clk 00:26:51]} {[%emt 00:00:47]} Bf5 {[%clk 00:57:01]} {[%emt
00:00:28]} 45. Bd1 {[%clk 00:26:50]} {[%emt 00:00:17]} Bd3 {[%clk 00:56:51]}
{[%emt 00:00:25]} 46. Kh2 {[%clk 00:26:39]} {[%emt 00:00:26]} Be2 {[%clk
00:56:53]} {[%emt 00:00:14]} 47. Bxe2 {[%clk 00:26:39]} {[%emt 00:00:13]} Nxe2
{[%clk 00:57:02]} {[%emt 00:00:06]} 48. Rd1 {[%clk 00:26:49]} {[%emt 00:00:04]}
Ne4 {[%clk 00:57:07]} {[%emt 00:00:12]} 49. f3 {[%clk 00:26:46]} {[%emt
00:00:18]} N2c3 {[%clk 00:57:03]} {[%emt 00:00:19]} 0-1

[Event "DEM U8 2025"]
[Site "Willingen GER"]
[Date "2025.06.11"]
[Round "1"]
[White "Zhu, Elias"]
[Black "Fredrich, Tarje"]
[Result "1-0"]
[Termination "normal"]
[Board "10"]
[WhiteElo "1311"]
[BlackElo "1052"]
[WhiteClock "00:51:44"]
[BlackClock "00:56:23"]
[PlyCount "45"]
[WhiteFideId "34695311"]
[BlackFideId "533031258"]
[EventCountry "GER"]
[EventRounds "7"]
[EventType "swiss"]
[EventDate "2025.06.10"]

1. e4 {[%clk 01:00:28]} {[%emt 00:00:01]} e5 {[%clk 01:00:20]} {[%emt
00:00:11]} 2. Nf3 {[%clk 01:00:38]} {[%emt 00:00:04]} Nc6 {[%clk 01:00:22]}
{[%emt 00:00:14]} 3. d4 {[%clk 01:00:48]} {[%emt 00:00:03]} exd4 {[%clk
01:00:28]} {[%emt 00:00:10]} 4. Bc4 {[%clk 01:01:00]} {[%emt 00:00:03]} Nf6
{[%emt 00:00:20]} 5. O-O {[%emt 00:00:05]} Nxe4 {[%clk 00:59:42]} {[%emt
00:00:32]} 6. Re1 {[%clk 01:01:11]} {[%emt 00:00:09]} d5 {[%clk 00:59:34]}
{[%emt 00:00:23]} 7. Bxd5 {[%clk 01:01:21]} {[%emt 00:00:06]} Qxd5 {[%clk
00:59:40]} {[%emt 00:00:08]} 8. Nc3 {[%clk 01:01:31]} {[%emt 00:00:04]} Qh5
{[%clk 00:59:42]} {[%emt 00:00:12]} 9. Nxe4 {[%clk 01:01:32]} {[%emt 00:00:15]}
Be6 {[%clk 00:59:36]} {[%emt 00:00:06]} 10. Nxd4 {[%clk 00:57:32]} {[%emt
00:04:29]} O-O-O {[%clk 00:59:17]} {[%emt 00:00:35]} 11. Qxh5 {[%clk 00:57:41]}
{[%emt 00:00:04]} Rxd4 {[%clk 00:58:55]} {[%emt 00:00:24]} 12. Qf3 {[%clk
00:56:15]} {[%emt 00:01:51]} Bd5 {[%clk 00:59:01]} {[%emt 00:00:14]} 13. c3
{[%clk 00:55:45]} {[%emt 00:00:42]} Rc4 {[%clk 00:59:03]} {[%emt 00:00:15]} 14.
Nd6+ {[%clk 00:55:17]} {[%emt 00:00:44]} Bxd6 {[%emt 00:00:20]} 15. Qxd5 {[%emt
00:00:06]} Rh4 {[%clk 00:58:32]} {[%emt 00:00:20]} 16. h3 {[%clk 00:54:59]}
{[%emt 00:00:32]} f6 {[%clk 00:57:31]} {[%emt 00:00:44]} 17. Qe6+ {[%clk
00:54:04]} {[%emt 00:01:42]} Kd8 {[%clk 00:57:26]} {[%emt 00:00:21]} 18. Re4
{[%clk 00:51:36]} {[%emt 00:02:39]} Rh5 {[%clk 00:56:59]} {[%emt 00:00:16]} 19.
Bf4 {[%clk 00:51:28]} {[%emt 00:00:52]} Bxf4 {[%clk 00:56:41]} {[%emt
00:00:17]} 20. Rxf4 {[%clk 00:51:29]} {[%emt 00:00:31]} Re8 {[%clk 00:56:33]}
{[%emt 00:00:14]} 21. Rd1+ {[%clk 00:51:31]} {[%emt 00:00:18]} Nd4 {[%clk
00:56:23]} {[%emt 00:00:20]} 22. Rdxd4+ {[%clk 00:51:44]} {[%emt 00:00:11]} Rd5
{[%emt 00:00:11]} 23. Rxd5# {[%emt 00:00:08]} 1-0

[Event "DEM U8 2025"]
[Site "Willingen GER"]
[Date "2025.06.11"]
[Round "1"]
[White "Korneli, Jakob"]
[Black "Qiu, Caspar"]
[Result "0-1"]
[Termination "normal"]
[Board "11"]
[WhiteElo "1052"]
[BlackElo "1289"]
[WhiteClock "00:00:17"]
[BlackClock "00:37:02"]
[PlyCount "94"]
[WhiteFideId "533024588"]
[BlackFideId "34697691"]
[EventCountry "GER"]
[EventRounds "7"]
[EventType "swiss"]
[EventDate "2025.06.10"]

1. e4 {[%clk 01:00:27]} {[%emt 00:00:01]} c5 {[%clk 01:00:30]} {[%emt
00:00:02]} 2. Nf3 {[%clk 01:00:22]} {[%emt 00:00:20]} d6 {[%clk 01:00:41]}
{[%emt 00:00:04]} 3. d4 {[%clk 01:00:07]} {[%emt 00:00:29]} cxd4 {[%clk
01:00:53]} {[%emt 00:00:04]} 4. Nxd4 {[%clk 01:00:05]} {[%emt 00:00:17]} Nf6
{[%clk 01:01:02]} {[%emt 00:00:06]} 5. Nc3 {[%clk 00:59:56]} {[%emt 00:00:24]}
g6 {[%clk 01:01:12]} {[%emt 00:00:05]} 6. Be3 {[%clk 00:59:44]} {[%emt
00:00:26]} Bg7 {[%clk 01:01:24]} {[%emt 00:00:04]} 7. Qd2 {[%clk 00:59:26]}
{[%emt 00:00:32]} Ng4 {[%clk 01:01:34]} {[%emt 00:00:05]} 8. Bf4 {[%clk
00:58:18]} {[%emt 00:01:24]} e5 {[%clk 01:01:40]} {[%emt 00:00:09]} 9. Ndb5
{[%clk 00:51:18]} {[%emt 00:07:15]} exf4 {[%clk 01:01:32]} {[%emt 00:00:22]}
10. Nxd6+ {[%clk 00:50:04]} {[%emt 00:01:30]} Kf8 {[%clk 01:00:32]} {[%emt
00:01:15]} 11. Qxf4 {[%clk 00:49:21]} {[%emt 00:01:00]} Bxc3+ {[%clk 00:58:56]}
{[%emt 00:01:51]} 12. bxc3 {[%clk 00:48:51]} {[%emt 00:00:44]} Qc7 {[%clk
00:58:27]} {[%emt 00:00:38]} 13. Rd1 {[%clk 00:47:25]} {[%emt 00:01:46]} Qxc3+
{[%clk 00:58:09]} {[%emt 00:00:34]} 14. Rd2 {[%clk 00:46:54]} {[%emt 00:00:46]}
Qc7 {[%clk 00:55:09]} {[%emt 00:03:15]} 15. Bc4 {[%clk 00:45:34]} {[%emt
00:01:34]} Nc6 {[%clk 00:53:17]} {[%emt 00:02:09]} 16. h3 {[%clk 00:45:02]}
{[%emt 00:00:47]} Nge5 {[%clk 00:52:48]} {[%emt 00:00:43]} 17. Qf6 {[%clk
00:42:26]} {[%emt 00:02:51]} Rg8 {[%clk 00:52:32]} {[%emt 00:00:31]} 18. Bd5
{[%clk 00:40:00]} {[%emt 00:02:42]} Qe7 {[%clk 00:50:39]} {[%emt 00:02:07]} 19.
Qxe7+ {[%clk 00:38:54]} {[%emt 00:01:21]} Kxe7 {[%clk 00:50:41]} {[%emt
00:00:14]} 20. Nb5 {[%clk 00:34:03]} {[%emt 00:05:05]} Rd8 {[%clk 00:49:36]}
{[%emt 00:01:19]} 21. f4 {[%clk 00:32:26]} {[%emt 00:01:54]} Nd7 {[%clk
00:49:07]} {[%emt 00:00:43]} 22. O-O {[%clk 00:31:23]} {[%emt 00:01:18]} Nb6
{[%clk 00:46:35]} {[%emt 00:03:14]} 23. Nc7 {[%clk 00:30:57]} {[%emt 00:00:41]}
Rb8 {[%clk 00:46:19]} {[%emt 00:00:32]} 24. Rfd1 {[%clk 00:30:18]} {[%emt
00:00:54]} Nb4 {[%clk 00:44:50]} {[%emt 00:01:44]} 25. a3 {[%clk 00:29:13]}
{[%emt 00:01:21]} N4xd5 {[%clk 00:44:41]} {[%emt 00:00:23]} 26. exd5 {[%clk
00:28:21]} {[%emt 00:01:06]} Bd7 {[%clk 00:42:27]} {[%emt 00:02:27]} 27. Rd4
{[%clk 00:26:56]} {[%emt 00:01:43]} Kd6 {[%clk 00:41:39]} {[%emt 00:01:03]} 28.
c4 {[%clk 00:19:35]} {[%emt 00:07:36]} Kxc7 {[%clk 00:41:40]} {[%emt 00:00:14]}
29. c5 {[%clk 00:18:16]} {[%emt 00:01:34]} Nc8 {[%clk 00:41:21]} {[%emt
00:00:34]} 30. Kf2 {[%clk 00:18:00]} {[%emt 00:00:31]} a6 {[%clk 00:40:53]}
{[%emt 00:00:43]} 31. Ra1 {[%clk 00:17:48]} {[%emt 00:00:27]} Na7 {[%clk
00:40:35]} {[%emt 00:00:34]} 32. a4 {[%clk 00:11:58]} {[%emt 00:06:05]} b6
{[%clk 00:39:36]} {[%emt 00:01:14]} 33. c6 {[%clk 00:11:19]} {[%emt 00:00:52]}
Be8 {[%clk 00:38:18]} {[%emt 00:01:32]} 34. Rc1 {[%clk 00:10:44]} {[%emt
00:00:52]} Rd6 {[%clk 00:36:38]} {[%emt 00:01:55]} 35. Kf3 {[%clk 00:10:25]}
{[%emt 00:00:32]} Rbd8 {[%clk 00:36:23]} {[%emt 00:00:30]} 36. Ke4 {[%clk
00:09:40]} {[%emt 00:01:00]} f5+ {[%clk 00:36:19]} {[%emt 00:00:21]} 37. Ke3
{[%clk 00:08:53]} {[%emt 00:01:01]} Rxd5 {[%clk 00:36:18]} {[%emt 00:00:17]}
38. Rcd1 {[%clk 00:00:19]} {[%emt 00:08:48]} Rxd4 {[%clk 00:36:13]} {[%emt
00:00:21]} 39. Rxd4 {[%clk 00:00:18]} {[%emt 00:00:15]} Rxd4 {[%clk 00:36:22]}
{[%emt 00:00:06]} 40. Kxd4 {[%emt 00:00:13]} Nxc6+ {[%clk 00:36:28]} {[%emt
00:00:05]} 41. Ke3 {[%emt 00:00:26]} Ne7 {[%clk 00:36:27]} {[%emt 00:00:13]}
42. Kf3 {[%clk 00:00:22]} {[%emt 00:00:10]} Bxa4 {[%clk 00:36:34]} {[%emt
00:00:08]} 43. Kg3 {[%clk 00:00:19]} {[%emt 00:00:17]} Bd1 {[%clk 00:36:39]}
{[%emt 00:00:10]} 44. Kh4 {[%clk 00:00:23]} {[%emt 00:00:11]} b5 {[%clk
00:36:47]} {[%emt 00:00:07]} 45. Kg5 {[%clk 00:00:18]} {[%emt 00:00:21]} b4
{[%clk 00:36:52]} {[%emt 00:00:09]} 46. Kf6 {[%clk 00:00:26]} {[%emt 00:00:08]}
b3 {[%clk 00:36:58]} {[%emt 00:00:09]} 47. Kxe7 {[%clk 00:00:17]} {[%emt
00:00:23]} b2 {[%clk 00:37:02]} {[%emt 00:00:11]} 0-1

[Event "DEM U8 2025"]
[Site "Willingen GER"]
[Date "2025.06.11"]
[Round "1"]
[White "Storl, Jaro"]
[Black "Nilov, Nikita"]
[Result "0-1"]
[Termination "normal"]
[Board "12"]
[WhiteElo "1281"]
[BlackElo "1046"]
[WhiteClock "00:04:54"]
[BlackClock "00:40:51"]
[PlyCount "68"]
[EventCountry "GER"]
[EventRounds "7"]
[EventType "swiss"]
[EventDate "2025.06.10"]

1. d4 {[%clk 01:00:28]} {[%emt 00:00:02]} d5 {[%clk 01:00:17]} {[%emt
00:00:07]} 2. c4 {[%clk 01:00:38]} {[%emt 00:00:12]} e6 {[%clk 01:00:20]}
{[%emt 00:00:06]} 3. Nf3 {[%clk 01:00:42]} {[%emt 00:00:16]} c5 {[%clk
01:00:19]} {[%emt 00:00:16]} 4. e3 {[%clk 01:00:29]} {[%emt 00:00:30]} Nf6
{[%clk 01:00:16]} {[%emt 00:00:18]} 5. Nc3 {[%clk 00:58:33]} {[%emt 00:02:10]}
Nc6 {[%clk 01:00:23]} {[%emt 00:00:10]} 6. Na4 {[%clk 00:57:00]} {[%emt
00:01:47]} cxd4 {[%clk 01:00:13]} {[%emt 00:00:24]} 7. Nxd4 {[%clk 00:53:51]}
{[%emt 00:03:25]} Nxd4 {[%clk 01:00:03]} {[%emt 00:00:24]} 8. exd4 {[%clk
00:51:47]} {[%emt 00:02:19]} Ne4 {[%clk 00:59:47]} {[%emt 00:00:32]} 9. cxd5
{[%clk 00:51:35]} {[%emt 00:00:27]} Bb4+ {[%clk 00:59:12]} {[%emt 00:00:49]}
10. Ke2 {[%clk 00:38:48]} {[%emt 00:13:05]} b6 {[%clk 00:58:55]} {[%emt
00:00:29]} 11. dxe6 {[%clk 00:24:50]} {[%emt 00:14:13]} O-O {[%clk 00:57:19]}
{[%emt 00:01:52]} 12. Qd3 {[%clk 00:22:56]} {[%emt 00:02:10]} Re8 {[%clk
00:56:52]} {[%emt 00:00:36]} 13. exf7+ {[%clk 00:22:25]} {[%emt 00:00:51]} Kxf7
{[%clk 00:55:33]} {[%emt 00:01:33]} 14. Qb3+ {[%clk 00:22:16]} {[%emt
00:00:26]} Kf8 {[%clk 00:53:06]} {[%emt 00:02:41]} 15. Qxb4+ {[%clk 00:20:40]}
{[%emt 00:01:52]} Kg8 {[%clk 00:53:02]} {[%emt 00:00:19]} 16. Be3 {[%clk
00:18:53]} {[%emt 00:02:02]} Qh4 {[%clk 00:52:01]} {[%emt 00:01:15]} 17. Qc4+
{[%clk 00:17:08]} {[%emt 00:02:00]} Kh8 {[%emt 00:04:23]} 18. g3 {[%emt
00:00:44]} Qf6 {[%clk 00:46:54]} {[%emt 00:00:14]} 19. f3 {[%clk 00:16:07]}
{[%emt 00:01:18]} Nd6 {[%clk 00:46:44]} {[%emt 00:00:21]} 20. Qc3 {[%clk
00:15:05]} {[%emt 00:01:21]} Nf5 {[%clk 00:46:30]} {[%emt 00:00:21]} 21. Kf2
{[%clk 00:12:51]} {[%emt 00:02:37]} Nxe3 {[%clk 00:45:45]} {[%emt 00:01:00]}
22. Re1 {[%clk 00:12:15]} {[%emt 00:00:51]} Ng4+ {[%clk 00:44:54]} {[%emt
00:01:05]} 23. Kg1 {[%clk 00:12:07]} {[%emt 00:00:23]} Rxe1 {[%clk 00:43:56]}
{[%emt 00:01:12]} 24. Qxe1 {[%clk 00:12:16]} {[%emt 00:00:07]} Qxd4+ {[%clk
00:43:23]} {[%emt 00:00:48]} 25. Kg2 {[%clk 00:11:17]} {[%emt 00:01:14]} Qxa4
{[%clk 00:43:19]} {[%emt 00:00:18]} 26. b3 {[%clk 00:10:15]} {[%emt 00:01:19]}
Qc6 {[%clk 00:42:57]} {[%emt 00:00:36]} 27. Kg1 {[%clk 00:08:27]} {[%emt
00:02:05]} Bb7 {[%clk 00:42:38]} {[%emt 00:00:32]} 28. Bg2 {[%clk 00:06:06]}
{[%emt 00:02:37]} Qc5+ {[%clk 00:42:09]} {[%emt 00:00:43]} 29. Kf1 {[%clk
00:05:16]} {[%emt 00:01:06]} Ne3+ {[%clk 00:42:05]} {[%emt 00:00:16]} 30. Ke2
{[%clk 00:04:56]} {[%emt 00:00:38]} Nxg2 {[%clk 00:42:02]} {[%emt 00:00:18]}
31. Qb1 {[%clk 00:05:04]} {[%emt 00:00:06]} Re8+ {[%clk 00:41:20]} {[%emt
00:00:58]} 32. Kd3 {[%clk 00:04:49]} {[%emt 00:00:30]} Ba6+ {[%clk 00:41:06]}
{[%emt 00:00:29]} 33. Kd2 {[%clk 00:04:45]} {[%emt 00:00:19]} Re2+ {[%clk
00:40:53]} {[%emt 00:00:29]} 34. Kd1 {[%clk 00:04:54]} {[%emt 00:00:06]} Ne3#
{[%clk 00:40:51]} {[%emt 00:00:15]} 0-1

[Event "DEM U8 2025"]
[Site "Willingen GER"]
[Date "2025.06.11"]
[Round "1"]
[White "Dowgialo, Franciszek"]
[Black "Tilenbaev, Akyl"]
[Result "0-1"]
[Termination "normal"]
[Board "13"]
[WhiteElo "1044"]
[BlackElo "1257"]
[WhiteClock "00:40:54"]
[BlackClock "01:00:57"]
[PlyCount "56"]
[EventCountry "GER"]
[EventRounds "7"]
[EventType "swiss"]
[EventDate "2025.06.10"]

1. e4 {[%clk 01:00:28]} {[%emt 00:00:01]} c5 {[%clk 01:00:39]} {[%emt
00:00:06]} 2. Nf3 {[%emt 00:00:25]} d6 {[%emt 00:00:04]} 3. Bc4 {[%clk
00:59:23]} {[%emt 00:00:51]} Nf6 {[%clk 01:00:41]} {[%emt 00:00:13]} 4. Nc3
{[%clk 00:58:27]} {[%emt 00:01:11]} g6 {[%clk 01:00:51]} {[%emt 00:00:05]} 5.
d4 {[%clk 00:57:46]} {[%emt 00:00:54]} cxd4 {[%clk 01:01:01]} {[%emt 00:00:07]}
6. Nxd4 {[%emt 00:00:36]} Bg7 {[%emt 00:00:11]} 7. Be3 {[%emt 00:00:37]} O-O
{[%emt 00:00:10]} 8. O-O {[%clk 00:55:40]} {[%emt 00:00:47]} Nc6 {[%clk
01:01:11]} {[%emt 00:00:06]} 9. Re1 {[%clk 00:53:59]} {[%emt 00:01:55]} Bd7
{[%clk 01:01:16]} {[%emt 00:00:10]} 10. Kh1 {[%clk 00:52:20]} {[%emt 00:01:53]}
Rc8 {[%clk 01:01:24]} {[%emt 00:00:07]} 11. b3 {[%clk 00:51:19]} {[%emt
00:01:17]} Ng4 {[%clk 01:01:32]} {[%emt 00:00:08]} 12. f3 {[%clk 00:49:43]}
{[%emt 00:01:50]} Nxe3 {[%clk 01:01:38]} {[%emt 00:00:10]} 13. Nxc6 {[%clk
00:49:11]} {[%emt 00:00:46]} Nxd1 {[%clk 01:01:32]} {[%emt 00:00:21]} 14. Nxd8
{[%clk 00:48:16]} {[%emt 00:01:08]} Nxc3 {[%clk 01:01:40]} {[%emt 00:00:09]}
15. Nxb7 {[%clk 00:47:29]} {[%emt 00:01:02]} Nb5 {[%clk 01:01:48]} {[%emt
00:00:07]} 16. Bxb5 {[%clk 00:44:39]} {[%emt 00:03:04]} Bxb5 {[%clk 01:01:51]}
{[%emt 00:00:13]} 17. Rad1 {[%clk 00:44:25]} {[%emt 00:00:27]} Rxc2 {[%clk
01:01:36]} {[%emt 00:00:33]} 18. a4 {[%clk 00:43:34]} {[%emt 00:01:06]} Ba6
{[%clk 01:01:04]} {[%emt 00:00:46]} 19. Na5 {[%clk 00:43:23]} {[%emt 00:00:25]}
Bc3 {[%clk 01:00:57]} {[%emt 00:00:23]} 20. Re3 {[%clk 00:42:05]} {[%emt
00:01:31]} Bxa5 {[%clk 01:00:54]} {[%emt 00:00:21]} 21. Rb1 {[%clk 00:41:35]}
{[%emt 00:00:43]} Bd2 {[%clk 01:00:51]} {[%emt 00:00:20]} 22. Re2 {[%clk
00:41:25]} {[%emt 00:00:22]} Bxe2 {[%clk 01:00:58]} {[%emt 00:00:11]} 23. b4
{[%clk 00:41:15]} {[%emt 00:00:23]} Rfc8 {[%clk 01:00:57]} {[%emt 00:00:16]}
24. h3 {[%clk 00:41:15]} {[%emt 00:00:14]} Rc1+ {[%clk 01:01:07]} {[%emt
00:00:06]} 25. Rxc1 {[%emt 00:00:11]} Rxc1+ {[%emt 00:00:07]} 26. Kh2 {[%clk
00:41:00]} {[%emt 00:00:12]} Bf4+ {[%clk 01:01:07]} {[%emt 00:00:16]} 27. g3
{[%clk 00:41:04]} {[%emt 00:00:11]} Bxf3 {[%clk 01:00:57]} {[%emt 00:00:25]}
28. b5 {[%clk 00:40:54]} {[%emt 00:00:25]} Rh1# {[%emt 00:00:09]} 0-1